00451nam a2200133Ia 4500008004100000100002600041245009700067245002600164260005900190260000900249650001800258650001500276856002600291170221s9999 xx 000 0 und d aJudith McIntosh White aTranslating Science, Health and Technology: Reporters as Knowledge Transfer Intermediaries  cJudith McIntosh White bOnline Journal of Communication and Media Technologies c2016 xCommunication xMedia Arts uhttp://www.ojcmt.net/